Quarterbacks Drafted Before Tom Brady - Statistics

General Stats
  • This quiz has been taken 302 times
  • The average score is 3 of 6
Answer Stats
Team Pick # College Quarterback % Correct
Jets 18 Marshall Chad Pennington
96%
49er's 65 Hofstra Giovanni Carmazzi
50%
Browns 183 Southwest Texas State Spergon Wynn
46%
Steelers 163 Tennessee Tee Martin
46%
Saints 168 West Virginia Marc Bulger
43%
Ravens 75 Louisville Chris Redman
37%
No matching quizzes found
Score Distribution
Percent of People with Each Score
Percentile by Number Answered
Your Score History
You have not taken this quiz